Music Quiz

Random Music or Artist Quiz

Single Name Musicians Quiz Stats

 Plays Quiz Updated Nov 7, 2017

Support Sporcle.
Go Orange.
Score 0/34 Timer 06:00
2 Plays Today
Artist info Musician % Correct
Singer who is 'Crazy In Love' with Jay-ZBeyoncé
93.3%
'Rolling In The Deep' English singerAdele
90.7%
Lead singer of U2Bono
88.7%
Musician who can 'Vogue' in '4 Minutes'Madonna
84.4%
Member of the Black Eyed Peas who is 'Glamorous'Fergie
84.2%
'Believe' singer, teamed up with her husband Sonny for the beginning of her careerCher
83.1%
Rapper from Detroit who is 'Not Afraid'Eminem
82%
Colombian musician whose 'Hips Don't Lie'Shakira
80.8%
'Umbrella' Barbadian singerRihanna
78.6%
English musician best known as the lead singer for The PoliceSting
75.5%
Singer of 'Tik Tok' who doesn't want to 'Die Young'Kesha
71%
Heidi Klum's ex-husband and British singerSeal
67.6%
British-born guitarist of Guns 'N RosesSlash
64.4%
Singer-Songwriter who wants to 'Get the Party Started'P!nk
63%
Rapper known for 'Gangsta's Paradise'Coolio
62.1%
'Hot in Herre' rapper who uses 'Country Grammar'Nelly
59.4%
'Little Red Corvette' musicianPrince
58.5%
Artist info Musician % Correct
Jamaican-American singer who insists 'It Wasn't Me'Shaggy
58%
Red Hot Chili Peppers bassistFlea
57.3%
'Yeah!' singer-songwriterUsher
54.6%
Icelandic former lead singer of 'The Sugarcubes'Björk
52.6%
'Loser' musician who rose to fame in the '90sBeck
51.6%
Canadian rapper who got his start on 'Degrassi: The Next Generation'Drake
51.3%
'Paper Planes' Sri Lankan/British rapperM.I.A.
45.3%
Singer whose 'Milkshake' brings all the boys to the yardKelis
42.6%
'White Flag' British singer who is 'No Angel'Dido
41.1%
'One in a Million' singer who tragically died in a plane crashAaliyah
38.2%
'Thong Song' singer and actorSisqó
36.3%
Austrian musician who sang 'Rock Me Amadeus'Falco
33.4%
'Let Me Blow Your Mind' female rapper with paw print tattoosEve
32.9%
Bald headed musician who remade the James Bond themeMoby
29.9%
Singer featured in 'Lady Marmalade' and sang the hit 'My Love is Like... Wo'Mýa
24.9%
You might want to get out the way of this 'Stand Up' rapperLudacris
22.2%
He and Snoop Dogg just 'Wanna Love You'Akon
19.5%

You're not logged in!

Compare scores with friends on all Sporcle quizzes.
OR
Log In

From the Vault

Find Five: Capital Cities

by eyes355

Are you ready to give us five?
Remove Ads.
Support Sporcle.
Get the best of Sporcle when you Go Orange. This ad-free experience offers more features, more stats, and more fun while also helping to support Sporcle. Thank you for becoming a member.

Show Comments

Extras

Top Quizzes Today


Score Distribution

Your Account Isn't Verified!

In order to create a playlist on Sporcle, you need to verify the email address you used during registration. Go to your Sporcle Settings to finish the process.

Report this User

Report this user for behavior that violates our Community Guidelines.

Details: